000 00597nam a2200193 i 4500
001 89442
003 ES-MaACL
005 20260217063012.0
007 t|
008 050110s1908 fr ||||1| fre d
100 1 _aLapparent, Albert de,
_d1839-1908
_9152878
245 1 0 _aCours de Minérologie /
_cpar A. de Lapparent.
250 _a4eme ed. rev. et corr.
260 _aParís :
_bMasson et Cie,
_c1908 (
_eCoulommiers :
_fPaul Brodard)
300 _aXX, 756 p., 1 lám. :
_bil. ;
_c25 cm.
650 0 4 _aMineralogía.
_915053
852 _aES-MaACL
_jF-4963
999 _c89442
_d89442